[Event "Vojvodina-chT"]
[Site "Sombor"]
[Date "2009.09.27"]
[Round "1"]
[White "Radonjanin, Vlastimir"]
[Black "Kolognat, Petar"]
[Result "1-0"]
[WhiteElo "2289"]
[BlackElo "2305"]
[PlyCount "91"]
[EventDate "2009.09.27"]
[EventType "team-swiss"]
[EventRounds "11"]
[EventCountry "YUG"]
[SourceTitle "EXT 2012"]
[Source "ChessBase"]
[SourceDate "2011.11.24"]
[SourceVersion "1"]
[SourceVersionDate "2011.11.24"]
[SourceQuality "1"]

1. c4 e5 2. Nc3 Nc6 3. g3 Bc5 4. Bg2 d6 5. Nf3 Nf6 6. 0-0 0-0 7. d3 h6 8. Na4 Bb6 9. a3 Nd4 10. Nxd4 Bxd4 11. e3 Bb6 12. d4 c6 13. Nxb6 Qxb6 14. dxe5 dxe5 15. Qc2 Re8 16. b4 Bg4 17. h3 Bh5 18. e4 Rad8 19. c5 Qc7 20. Bb2 Nh7 21. f4 f6 22. fxe5 fxe5 23. Rf2 Bg6 24. Raf1 Ng5 25. h4 Ne6 26. Qe2 h5 27. Qe3 Nd4 28. Qg5 Kh7 29. Bh3 Qe7 30. Qe3 Rf8 31. Bf5 Bxf5 32. exf5 Qf6 33. Qe4 Kg8 34. Bc1 Rde8 35. Bg5 Qf7 36. f6 g6 37. Bh6 Nf5 38. Rxf5 gxf5 39. Rxf5 Qd5 40. Rg5+ Kh8 41. Qxd5 cxd5 42. Bxf8 Rxf8 43. Rxe5 Rxf6 44. Rxh5+ Kg8 45. Rxd5 Rf3 46. Kg2 1-0

[Event "Vojvodina-chT"]
[Site "Sremska Mitrovica"]
[Date "2006.09.25"]
[Round "5"]
[White "Radonjanin, Vlastimir"]
[Black "Pezelj, Novak"]
[Result "1/2-1/2"]
[WhiteElo "2265"]
[BlackElo "2267"]
[PlyCount "78"]
[EventDate "2006.09.22"]
[EventType "team"]
[EventRounds "9"]
[EventCountry "YUG"]
[SourceTitle "CBM 114 Extra"]
[Source "ChessBase"]
[SourceDate "2006.11.03"]
[SourceVersion "1"]
[SourceVersionDate "2006.11.03"]
[SourceQuality "1"]

1. Nf3 Nf6 2. g3 d5 3. c4 e6 4. Bg2 Be7 5. 0-0 0-0 6. d4 b6 7. Nc3 Bb7 8. Ne5 Na6 9. a3 c5 10. dxc5 bxc5 11. Qa4 Qb6 12. cxd5 exd5 13. Nd7 Nxd7 14. Qxd7 Qc7 15. Qxc7 Nxc7 16. Bf4 Rac8 17. Bxc7 Rxc7 18. Nxd5 Bxd5 19. Bxd5 Bf6 20. Rab1 c4 21. Rfc1 Rfc8 22. Rc2 Kf8 23. Rbc1 c3 24. b4 Rb8 25. e4 a5 26. Rb1 Be7 27. Rb3 axb4 28. axb4 Bxb4 29. Kf1 Rb6 30. Ke2 Ba5 31. Rxb6 Bxb6 32. Kd3 Ke7 33. Bc4 Rd7+ 34. Bd5 Rc7 35. f4 f6 36. Bb3 Rd7+ 37. Kc4 Rc7+ 38. Kb5 Bd4 39. Ra2 h6 1/2-1/2

[Event "SCG-chT 48th"]
[Site "Herceg Novi"]
[Date "2005.05.18"]
[Round "4"]
[White "Radonjanin, Vlastimir"]
[Black "Todorovic, Goran M"]
[Result "0-1"]
[WhiteElo "2287"]
[BlackElo "2511"]
[PlyCount "74"]
[EventDate "2005.05.15"]
[EventType "team"]
[EventRounds "7"]
[EventCountry "YUG"]
[SourceTitle "CBM 106 Extra"]
[Source "ChessBase"]
[SourceDate "2005.07.01"]
[SourceVersion "1"]
[SourceVersionDate "2005.07.01"]
[SourceQuality "1"]

1. d4 d5 2. c4 e6 3. Nc3 c5 4. cxd5 exd5 5. Nf3 Nc6 6. g3 Nf6 7. Bg2 Be7 8. 0-0 0-0 9. dxc5 d4 10. Na4 Bf5 11. Bf4 Be4 12. Rc1 Qd7 13. a3 Rad8 14. b4 Rfe8 15. Ne1 Bxg2 16. Kxg2 Nd5 17. Nd3 h5 18. b5 Na5 19. c6 bxc6 20. Bd2 Nc3 21. Nxc3 dxc3 22. Bxc3 Nc4 23. bxc6 Qxc6+ 24. Kg1 h4 25. Qb3 h3 26. Nf4 Bg5 27. Nxh3 Bxc1 28. Rxc1 Rxe2 29. Nf4 Re4 30. Bb4 a5 31. f3 Qb6+ 32. Kh1 Nd2 33. Qb2 Rxf4 34. gxf4 axb4 35. Rg1 g6 36. f5 Nxf3 37. Rg3 Rd1+ 0-1

[Event "SCG-chT 48th"]
[Site "Herceg Novi"]
[Date "2005.05.17"]
[Round "3"]
[White "Kontic, Djordjije"]
[Black "Radonjanin, Vlastimir"]
[Result "1-0"]
[WhiteElo "2337"]
[BlackElo "2287"]
[PlyCount "81"]
[EventDate "2005.05.15"]
[EventType "team"]
[EventRounds "7"]
[EventCountry "YUG"]
[SourceTitle "CBM 106 Extra"]
[Source "ChessBase"]
[SourceDate "2005.07.01"]
[SourceVersion "1"]
[SourceVersionDate "2005.07.01"]
[SourceQuality "1"]

1. e4 e6 2. d4 d5 3. e5 c5 4. c3 Nc6 5. Nf3 Qb6 6. a3 c4 7. h4 Bd7 8. h5 Na5 9. Nbd2 Ne7 10. h6 gxh6 11. Nh2 0-0-0 12. Ng4 Nf5 13. Nf6 Be7 14. g4 Bxf6 15. gxf5 Bg5 16. f6 Bxd2+ 17. Bxd2 Qxb2 18. Rb1 Qa2 19. Ra1 Qb3 20. Rb1 Qxd1+ 21. Rxd1 Ba4 22. Rc1 Nb3 23. Rd1 Nxd2 24. Rxd2 Rdg8 25. f3 Rg3 26. Kf2 Rg6 27. Ke3 Kc7 28. Rdh2 Kb6 29. Kd2 Ka5 30. Rxh6 Rxh6 31. Rxh6 Be8 32. Kc2 Ba4+ 33. Kc1 Rg8 34. Be2 Rg2 35. Kd2 Rxe2+ 36. Kxe2 Bc2 37. Kd2 Bd3 38. Kc1 Ka4 39. Kb2 b5 40. Rh5 Bg6 41. Rg5 1-0

[Event "SCG-chT Vojvodina"]
[Site "Sombor"]
[Date "2004.10.01"]
[Round "9.3"]
[White "Lalic, Dragan"]
[Black "Radonjanin, Vlastimir"]
[Result "1-0"]
[WhiteElo "2372"]
[BlackElo "2297"]
[PlyCount "71"]
[EventDate "2004.09.25"]
[EventType "team"]
[EventRounds "11"]
[EventCountry "YUG"]
[SourceTitle "CBM 102 Extra"]
[Source "ChessBase"]
[SourceDate "2004.11.03"]
[SourceVersion "1"]
[SourceVersionDate "2004.11.03"]
[SourceQuality "1"]
[WhiteTeam "06"]
[BlackTeam "08"]
[WhiteTeamCountry "YUG"]
[BlackTeamCountry "YUG"]

1. Nf3 d5 2. c4 dxc4 3. Qa4+ Nd7 4. Qxc4 e5 5. g3 c6 6. Bg2 Ngf6 7. 0-0 Bd6 8. d4 0-0 9. Nc3 Qe7 10. h3 Rd8 11. Rd1 Nb6 12. Qb3 exd4 13. Nxd4 Be5 14. Be3 Nfd5 15. Ne4 Nxe3 16. Qxe3 Nd5 17. Qf3 Bxd4 18. Rxd4 Be6 19. Rad1 f5 20. Nc3 Nxc3 21. Qxc3 Rxd4 22. Rxd4 Bxa2 23. b3 Rd8 24. Qc4+ Kf8 25. Rxd8+ Qxd8 26. Qc2 Qa5 27. b4 Qa6 28. Qxf5+ Kg8 29. Qc8+ Kf7 30. Qd7+ Kf8 31. Be4 Bf7 32. Qd6+ Ke8 33. Qe5+ Kf8 34. Qd6+ Ke8 35. Bf5 Qa1+ 36. Kg2 1-0

[Event "SCG-chT Vojvodina"]
[Site "Sombor"]
[Date "2004.09.26"]
[Round "2.3"]
[White "Radonjanin, Vlastimir"]
[Black "Popovic, Dusan"]
[Result "0-1"]
[WhiteElo "2297"]
[BlackElo "2460"]
[PlyCount "40"]
[EventDate "2004.09.25"]
[EventType "team"]
[EventRounds "11"]
[EventCountry "YUG"]
[SourceTitle "CBM 102 Extra"]
[Source "ChessBase"]
[SourceDate "2004.11.03"]
[SourceVersion "1"]
[SourceVersionDate "2004.11.03"]
[SourceQuality "1"]
[WhiteTeam "08"]
[BlackTeam "01"]
[WhiteTeamCountry "YUG"]
[BlackTeamCountry "YUG"]

1. Nf3 Nf6 2. g3 g6 3. Bg2 Bg7 4. 0-0 0-0 5. b3 d6 6. d4 c5 7. Bb2 cxd4 8. Nxd4 d5 9. Nf3 Nc6 10. Na3 Qa5 11. c4 d4 12. Qd2 Qxd2 13. Nxd2 Rd8 14. h3 h5 15. Rfd1 Bf5 16. Nf1 Nh7 17. Rd2 Ng5 18. h4 Nh3+ 19. Bxh3 Bxh3 20. Rad1 Bh6 0-1

[Event "SCG-chT Vojvodina"]
[Site "Sombor"]
[Date "2004.09.25"]
[Round "1.3"]
[White "Radonjanin, Vlastimir"]
[Black "Medar, Zeljko"]
[Result "1-0"]
[WhiteElo "2297"]
[BlackElo "2183"]
[PlyCount "105"]
[EventDate "2004.09.25"]
[EventType "team"]
[EventRounds "11"]
[EventCountry "YUG"]
[SourceTitle "CBM 102 Extra"]
[Source "ChessBase"]
[SourceDate "2004.11.03"]
[SourceVersion "1"]
[SourceVersionDate "2004.11.03"]
[SourceQuality "1"]
[WhiteTeam "08"]
[BlackTeam "10"]
[WhiteTeamCountry "YUG"]
[BlackTeamCountry "YUG"]

1. Nf3 Nf6 2. g3 c6 3. c4 d6 4. d4 Nbd7 5. Nc3 e5 6. dxe5 dxe5 7. Bg2 Be7 8. 0-0 0-0 9. b3 Qc7 10. Bb2 Re8 11. Qc2 Bf8 12. Rad1 Nc5 13. b4 Na6 14. a3 h6 15. Rd2 Be6 16. c5 Bg4 17. Rfd1 Qe7 18. Ne4 Bxf3 19. Nxf6+ Qxf6 20. exf3 g5 21. Rd7 Rab8 22. Qe4 Bg7 23. Bf1 Rbd8 24. R1d6 Rxd7 25. Rxf6 Bxf6 26. Bxa6 bxa6 27. Qxc6 Rd1+ 28. Kg2 Re6 29. Qa8+ Rd8 30. Qxa7 Bg7 31. Bc1 f5 32. Qb7 Rd1 33. Be3 f4 34. c6 fxe3 35. c7 Rc1 36. c8Q+ Rxc8 37. Qxc8+ Kf7 38. Qd7+ Kf6 39. fxe3 Bf8 40. e4 Be7 41. Kh3 h5 42. Qe8 Kg7 43. a4 g4+ 44. fxg4 hxg4+ 45. Kxg4 Rg6+ 46. Kf5 Rf6+ 47. Kxe5 Bxb4 48. Qd7+ Rf7 49. Qg4+ Kh7 50. Kd5 a5 51. e5 Rf2 52. h4 Rd2+ 53. Ke6 1-0

[Event "YUG-chT"]
[Site "Tivat"]
[Date "1995.??.??"]
[Round "10"]
[White "Cabrilo, Goran"]
[Black "Radonjanin, Vlastimir"]
[Result "1-0"]
[WhiteElo "2470"]
[BlackElo "2325"]
[PlyCount "71"]
[EventDate "1995.??.??"]
[EventType "team-swiss"]
[EventRounds "11"]
[EventCountry "YUG"]
[SourceTitle "CBM 048 Extra"]
[Source "ChessBase"]
[SourceDate "1995.11.01"]
[SourceVersion "1"]
[SourceVersionDate "1995.11.01"]
[SourceQuality "1"]

1. e4 e6 2. d4 d5 3. Nc3 Bb4 4. e5 c5 5. a3 Bxc3+ 6. bxc3 Ne7 7. a4 Nbc6 8. Nf3 Bd7 9. Be2 Qc7 10. 0-0 b6 11. Re1 Na5 12. Bd3 h6 13. h3 c4 14. Bf1 0-0-0 15. Ba3 Bc6 16. g3 Qd7 17. Nh4 Kb7 18. Ng2 Rdg8 19. Nf4 g6 20. Ng2 Nc8 21. Ne3 h5 22. Bb4 Bxa4 23. Qf3 Ka6 24. Bxa5 Kxa5 25. Bxc4 b5 26. Bf1 Nb6 27. Reb1 a6 28. c4 dxc4 29. Nxc4+ Nxc4 30. Rxa4+ Kb6 31. Rxc4 Rc8 32. Rxc8 Rxc8 33. c4 Qxd4 34. cxb5 a5 35. Bg2 Rc7 36. Qa8 1-0

[Event "YUG-chT"]
[Site "Tivat"]
[Date "1995.??.??"]
[Round "9"]
[White "Radonjanin, Vlastimir"]
[Black "Dragojlovic, Andjelko"]
[Result "1/2-1/2"]
[WhiteElo "2325"]
[BlackElo "2385"]
[PlyCount "60"]
[EventDate "1995.??.??"]
[EventType "team-swiss"]
[EventRounds "11"]
[EventCountry "YUG"]
[SourceTitle "CBM 048 Extra"]
[Source "ChessBase"]
[SourceDate "1995.11.01"]
[SourceVersion "1"]
[SourceVersionDate "1995.11.01"]
[SourceQuality "1"]

1. Nf3 g6 2. g3 Bg7 3. Bg2 Nf6 4. 0-0 0-0 5. b3 d5 6. Bb2 a5 7. a4 Na6 8. d3 c6 9. Nbd2 Re8 10. Ne5 Ng4 11. d4 Nxe5 12. dxe5 Nb4 13. e4 dxe4 14. Bxe4 Qc7 15. f4 Bh3 16. Re1 Rad8 17. Qe2 Rd7 18. g4 Bxg4 19. Qxg4 Rxd2 20. Bc3 Rdd8 21. f5 e6 22. f6 Bf8 23. h4 Nd5 24. h5 Nxc3 25. hxg6 hxg6 26. Bxg6 fxg6 27. Qxg6+ Bg7 28. Re3 Nd5 29. Rh3 Nf4 30. Qh7+ Kf8 1/2-1/2

[Event "YUG-chT"]
[Site "Tivat"]
[Date "1995.??.??"]
[Round "5"]
[White "Radonjanin, Vlastimir"]
[Black "Nestorovic, Dejan"]
[Result "0-1"]
[WhiteElo "2325"]
[BlackElo "2370"]
[PlyCount "134"]
[EventDate "1995.??.??"]
[EventType "team-swiss"]
[EventRounds "11"]
[EventCountry "YUG"]
[SourceTitle "CBM 048 Extra"]
[Source "ChessBase"]
[SourceDate "1995.11.01"]
[SourceVersion "1"]
[SourceVersionDate "1995.11.01"]
[SourceQuality "1"]

1. Nf3 Nf6 2. g3 g6 3. Bg2 Bg7 4. 0-0 d5 5. c4 c6 6. cxd5 cxd5 7. d4 0-0 8. Ne5 e6 9. Nc3 Nfd7 10. Nxd7 Bxd7 11. e4 dxe4 12. Bxe4 Bc6 13. d5 exd5 14. Nxd5 Nd7 15. Re1 Re8 16. Bg2 Rxe1+ 17. Qxe1 Ne5 18. Qd1 Nc4 19. Rb1 Nb6 20. Ne3 Bxg2 21. Kxg2 Qxd1 22. Nxd1 Rd8 23. Bf4 Nd5 24. Bd2 Rc8 25. Rc1 Rxc1 26. Bxc1 Nb4 27. Be3 a6 28. a3 Nd3 29. b4 f5 30. Kf3 b5 31. Bd2 Ne5+ 32. Ke2 Kf7 33. Ne3 Ke6 34. Bc3 Bf8 35. Bxe5 Kxe5 36. Kd3 g5 37. Nd1 h5 38. Nc3 g4 39. Ne2 Bh6 40. Nd4 Bc1 41. Ne2 Bb2 42. Kc2 Bd4 43. Nf4 Ke4 44. Nxh5 Bxf2 45. Nf4 Bg1 46. h4 gxh3 47. Nxh3 Be3 48. Kc3 Bd4+ 49. Kd2 Kf3 50. Ng5+ Kxg3 51. Ne6 Bb6 52. Ke2 f4 53. Ng5 Kg4 54. Nf3 Kf5 55. Kd3 Be3 56. Ne1 Bc1 57. Kd4 Bxa3 58. Nd3 Bxb4 59. Nxb4 a5 60. Nd3 a4 61. Ne1 Kg4 62. Kd3 Kg3 63. Ke2 a3 64. Nc2 a2 65. Kf1 b4 66. Na1 Kf3 67. Nc2 Ke4 0-1

[Event "YUG-chT"]
[Site "Igalo"]
[Date "1994.??.??"]
[Round "2"]
[White "Radonjanin, Vlastimir"]
[Black "Micic, Cedomir"]
[Result "0-1"]
[WhiteElo "2350"]
[BlackElo "2325"]
[PlyCount "86"]
[EventDate "1994.??.??"]
[EventType "team"]
[EventRounds "9"]
[EventCountry "YUG"]
[SourceTitle "EXT 2002"]
[Source "ChessBase"]
[SourceDate "2001.11.25"]
[SourceVersion "1"]
[SourceVersionDate "2001.11.25"]
[SourceQuality "1"]

1. Nf3 d5 2. c4 e6 3. b3 Nf6 4. g3 c5 5. cxd5 exd5 6. Bg2 Nc6 7. 0-0 Be7 8. Bb2 0-0 9. d4 Bg4 10. dxc5 Bxc5 11. Nc3 Re8 12. Na4 Bf8 13. Rc1 Rc8 14. Rc2 Ne4 15. Nd4 Nxd4 16. Bxd4 Bf5 17. Rxc8 Qxc8 18. Bxa7 b5 19. Nb6 Qa6 20. Qxd5 g6 21. g4 Bxg4 22. Bxe4 Qxa7 23. Qb7 Qxb7 24. Bxb7 Rb8 25. Nd5 Bh3 26. Bc6 Bxf1 27. Kxf1 b4 28. Ne3 Rc8 29. Bd5 Rc1+ 30. Kg2 Ra1 31. Ng4 Bg7 32. Ne3 Rxa2 33. Bc4 Bc3 34. Nd5 Kg7 35. Kf3 f5 36. h4 Ra1 37. h5 g5 38. Bd3 Ra5 39. Ne7 Kf6 40. Ng8+ Ke5 41. h6 Ra7 42. Kg3 Rc7 43. e3 Ke6 0-1

[Event "YUG-chT"]
[Site "Igalo"]
[Date "1994.??.??"]
[Round "6"]
[White "Vlatkovic, Sinisa"]
[Black "Radonjanin, Vlastimir"]
[Result "1-0"]
[WhiteElo "2330"]
[BlackElo "2350"]
[PlyCount "57"]
[EventDate "1994.??.??"]
[EventType "team"]
[EventRounds "9"]
[EventCountry "YUG"]
[SourceTitle "EXT 2002"]
[Source "ChessBase"]
[SourceDate "2001.11.25"]
[SourceVersion "1"]
[SourceVersionDate "2001.11.25"]
[SourceQuality "1"]

1. d4 d5 2. c4 e6 3. Nc3 c6 4. Nf3 dxc4 5. e4 b5 6. a4 Bb4 7. Be2 Nf6 8. Qc2 a6 9. 0-0 h6 10. axb5 Bxc3 11. bxc3 cxb5 12. Ba3 Bb7 13. Nd2 Ng8 14. f4 Nd7 15. Rab1 Qc7 16. f5 e5 17. Bxc4 Rb8 18. Bxf7+ Kxf7 19. Qb3+ Ke8 20. Qe6+ Kd8 21. Bd6 Qxc3 22. Rbc1 Qxd4+ 23. Kh1 Rc8 24. Nf3 Qxe4 25. Rxc8+ Bxc8 26. Rc1 Nc5 27. Qf7 Qxf5 28. Qc7+ Ke8 29. Rxc5 1-0

[Event "Novi Sad-B"]
[Site "Novi Sad"]
[Date "1992.??.??"]
[Round "7"]
[White "Dragojlovic, Andjelko"]
[Black "Radonjanin, Vlastimir"]
[Result "1-0"]
[WhiteElo "2430"]
[BlackElo "2345"]
[PlyCount "83"]
[EventDate "1992.??.??"]
[EventType "tourn"]
[EventRounds "11"]
[EventCountry "YUG"]
[EventCategory "4"]
[SourceTitle "EXT 2002"]
[Source "ChessBase"]
[SourceDate "2001.11.25"]
[SourceVersion "1"]
[SourceVersionDate "2001.11.25"]
[SourceQuality "1"]

1. e4 e6 2. d4 d5 3. Nc3 Bb4 4. e5 c5 5. a3 Bxc3+ 6. bxc3 Ne7 7. h4 Qc7 8. Bd2 Nbc6 9. Qg4 cxd4 10. cxd4 h5 11. Qf4 f6 12. exf6 Qxf4 13. Bxf4 gxf6 14. Nf3 Bd7 15. Bd3 0-0-0 16. 0-0 Rdg8 17. Bg3 Rg4 18. c3 Rhg8 19. Rfe1 Nd8 20. Nh2 R4g7 21. Kh1 Bc6 22. Nf1 f5 23. Be5 Rg6 24. g3 Nf7 25. Bf4 Rf6 26. Nd2 Kd7 27. Nf3 Ng6 28. Bg5 Nxg5 29. hxg5 Rff8 30. Kg2 Kd6 31. Rh1 Be8 32. Nh4 f4 33. Bxg6 Bxg6 34. Nxg6 Rxg6 35. Rxh5 fxg3 36. Kxg3 Rc8 37. Rc1 e5 38. dxe5+ Kxe5 39. f4+ Kf5 40. Rh7 Re6 41. Rf7+ Kg6 42. Rxb7 1-0

[Event "Novi Sad-B"]
[Site "Novi Sad"]
[Date "1992.??.??"]
[Round "9"]
[White "Popov, Luben"]
[Black "Radonjanin, Vlastimir"]
[Result "0-1"]
[WhiteElo "2400"]
[BlackElo "2345"]
[PlyCount "96"]
[EventDate "1992.??.??"]
[EventType "tourn"]
[EventRounds "11"]
[EventCountry "YUG"]
[EventCategory "4"]
[SourceTitle "EXT 2002"]
[Source "ChessBase"]
[SourceDate "2001.11.25"]
[SourceVersion "1"]
[SourceVersionDate "2001.11.25"]
[SourceQuality "1"]

1. c4 e6 2. Nf3 d5 3. b3 dxc4 4. bxc4 c5 5. g3 Nf6 6. Nc3 Nc6 7. Bg2 Be7 8. 0-0 0-0 9. d3 h6 10. Bb2 Rb8 11. e3 b6 12. Qe2 Bb7 13. Rfd1 Re8 14. Ne1 Na5 15. f4 Bxg2 16. Nxg2 Nc6 17. g4 Nd7 18. Qf3 Rc8 19. Qf2 Bf6 20. h4 Bxc3 21. Bxc3 e5 22. g5 hxg5 23. hxg5 exf4 24. exf4 Nf8 25. d4 cxd4 26. Bxd4 Qe7 27. Bc3 Ne6 28. Re1 Qc5 29. Ne3 Ned4 30. Rad1 Re4 31. Kg2 Rce8 32. Bd2 Nf5 33. Nxf5 Qxf5 34. Kg3 Nd4 35. Qxd4 Rxd4 36. Rxe8+ Kh7 37. Rh1+ Kg6 38. Be3 Re4 39. Rhh8 Re6 40. c5 bxc5 41. Rxe6+ fxe6 42. Rc8 Qd3 43. Kf2 c4 44. Rc7 a6 45. Rc6 Kf5 46. Rxa6 c3 47. Rc6 Kg4 48. Rc5 Qc2+ 0-1

[Event "Novi Sad-B"]
[Site "Novi Sad"]
[Date "1992.??.??"]
[Round "3"]
[White "Radonjanin, Vlastimir"]
[Black "Cabarkapa, Velibor"]
[Result "1/2-1/2"]
[WhiteElo "2345"]
[BlackElo "2235"]
[PlyCount "108"]
[EventDate "1992.??.??"]
[EventType "tourn"]
[EventRounds "11"]
[EventCountry "YUG"]
[EventCategory "4"]
[SourceTitle "EXT 2002"]
[Source "ChessBase"]
[SourceDate "2001.11.25"]
[SourceVersion "1"]
[SourceVersionDate "2001.11.25"]
[SourceQuality "1"]

1. Nf3 Nf6 2. g3 d5 3. c4 dxc4 4. Na3 c5 5. Nxc4 Nc6 6. Bg2 e6 7. Qa4 Bd7 8. Qb3 Qc7 9. d3 b5 10. Nce5 Rb8 11. Nxd7 Nxd7 12. 0-0 Bd6 13. Be3 0-0 14. Rfc1 Rfc8 15. Ng5 Nce5 16. d4 Nc4 17. dxc5 Nxc5 18. Qc2 h6 19. Qh7+ Kf8 20. Qh8+ Ke7 21. Qxg7 hxg5 22. Bxg5+ Ke8 23. b3 Bf8 24. Qg8 Nd7 25. bxc4 bxc4 26. Bf4 e5 27. Bh6 Qd6 28. Bxf8 Nxf8 29. Qg4 Qd4 30. Qf5 Ne6 31. e3 Qd5 32. Rc3 Qa5 33. Qc2 Rb4 34. a3 Ra4 35. Bh3 Ke7 36. Bg4 e4 37. h4 f5 38. Bd1 Rb4 39. Qc1 Rbb8 40. Be2 Qe5 41. Ra2 Rb1 42. Qxb1 Qxc3 43. Rc2 Qxa3 44. Bxc4 a5 45. Bxe6 Rxc2 46. Qxc2 Qa1+ 47. Kg2 Kxe6 48. Qc8+ Kf7 49. Qxf5+ Kg7 50. h5 a4 51. Qg6+ Kh8 52. h6 a3 53. Qf7 a2 54. h7 Qh1+ 1/2-1/2

[Event "Novi Sad-B"]
[Site "Novi Sad"]
[Date "1992.??.??"]
[Round "1"]
[White "Radonjanin, Vlastimir"]
[Black "Jevtic, Miodrag"]
[Result "1-0"]
[WhiteElo "2345"]
[BlackElo "2345"]
[PlyCount "74"]
[EventDate "1992.??.??"]
[EventType "tourn"]
[EventRounds "11"]
[EventCountry "YUG"]
[EventCategory "4"]
[SourceTitle "EXT 2002"]
[Source "ChessBase"]
[SourceDate "2001.11.25"]
[SourceVersion "1"]
[SourceVersionDate "2001.11.25"]
[SourceQuality "1"]

1. Nf3 Nf6 2. g3 g6 3. Bg2 Bg7 4. 0-0 0-0 5. b3 Ne4 6. d4 c5 7. Bb2 Nc6 8. c4 d6 9. Nbd2 Nxd2 10. Qxd2 e5 11. e3 exd4 12. exd4 Qf6 13. Rab1 cxd4 14. Ne1 Re8 15. Nc2 Bg4 16. Bxc6 bxc6 17. f3 Bh3 18. Bxd4 Qf5 19. Ne3 Bxd4 20. Qxd4 Qa5 21. Rf2 Re6 22. Re2 Rae8 23. Rbe1 h5 24. Kf2 R8e7 25. Qh4 Bf5 26. Nxf5 Rxe2+ 27. Rxe2 Rxe2+ 28. Kxe2 Qxa2+ 29. Ke1 Qb1+ 30. Kf2 Qc2+ 31. Kg1 Qxf5 32. Qd8+ Kh7 33. Qxd6 Qxf3 34. Qc7 a5 35. Qxa5 Qxb3 36. Qc5 Qf3 37. Qd4 g5 1-0

[Event "Novi Sad-B"]
[Site "Novi Sad"]
[Date "1992.??.??"]
[Round "10"]
[White "Radonjanin, Vlastimir"]
[Black "Kovacevic, Aleksandar"]
[Result "1/2-1/2"]
[WhiteElo "2345"]
[BlackElo "2345"]
[PlyCount "86"]
[EventDate "1992.??.??"]
[EventType "tourn"]
[EventRounds "11"]
[EventCountry "YUG"]
[EventCategory "4"]
[SourceTitle "EXT 2002"]
[Source "ChessBase"]
[SourceDate "2001.11.25"]
[SourceVersion "1"]
[SourceVersionDate "2001.11.25"]
[SourceQuality "1"]

1. Nf3 Nf6 2. g3 g6 3. Bg2 Bg7 4. 0-0 0-0 5. b3 c5 6. Bb2 Nc6 7. c4 d6 8. e3 Bf5 9. d3 Qc8 10. Nc3 Bh3 11. Qe2 Bxg2 12. Kxg2 e5 13. Nd2 Qe6 14. Nde4 Ne8 15. Nd5 f5 16. Ng5 Qd7 17. f4 Nf6 18. fxe5 Nxe5 19. Bxe5 dxe5 20. e4 h6 21. Nf3 Nxd5 22. cxd5 f4 23. h3 fxg3 24. Nh4 Kh7 25. Qg4 Qd6 26. Rxf8 Rxf8 27. Qxg3 Rf4 28. Rf1 Qf6 29. Rxf4 exf4 30. Qf2 Qg5+ 31. Kf1 Bd4 32. Nf3 Bxf2 33. Nxg5+ hxg5 34. Kxf2 Kg7 35. e5 Kf7 36. Kf3 Ke7 37. d4 cxd4 38. Ke4 Kd7 39. Kxd4 Ke7 40. a4 Kd7 41. a5 Ke7 42. b4 a6 43. Ke4 Kd7 1/2-1/2

[Event "Novi Sad-B"]
[Site "Novi Sad"]
[Date "1992.??.??"]
[Round "5"]
[White "Radonjanin, Vlastimir"]
[Black "Mujagic, Ramo"]
[Result "1-0"]
[WhiteElo "2345"]
[BlackElo "2345"]
[PlyCount "123"]
[EventDate "1992.??.??"]
[EventType "tourn"]
[EventRounds "11"]
[EventCountry "YUG"]
[EventCategory "4"]
[SourceTitle "EXT 2002"]
[Source "ChessBase"]
[SourceDate "2001.11.25"]
[SourceVersion "1"]
[SourceVersionDate "2001.11.25"]
[SourceQuality "1"]

1. Nf3 c5 2. g3 Nc6 3. Bg2 Nf6 4. c4 d5 5. cxd5 Nxd5 6. 0-0 e5 7. b3 Be7 8. Bb2 f6 9. Nc3 Be6 10. Rc1 Qd7 11. Qc2 Rc8 12. Nxd5 Bxd5 13. Ne1 Be6 14. Nd3 0-0 15. f4 Nd4 16. Qd1 Bg4 17. Bxd4 exd4 18. Be4 b5 19. f5 Bh5 20. Nf4 Bf7 21. d3 Qd6 22. Qe1 b4 23. Qf2 Qe5 24. Qf3 Rfd8 25. g4 a5 26. Bb7 Rc7 27. Ba6 Bd6 28. Bc4 Re7 29. Bxf7+ Kxf7 30. Rf2 Qe3 31. Qd5+ Ke8 32. Rxc5 Bxc5 33. Qxc5 Re5 34. Qc6+ Ke7 35. Kg2 Rd7 36. Qc8 Qd2 37. Qg8 Kd6 38. Qf8+ Kc6 39. Qa8+ Kd6 40. Qb8+ Ke7 41. Qg8 Kd6 42. Qf8+ Kc6 43. Qc8+ Kd6 44. Ne6 Rxe6 45. Qa6+ Ke7 46. Qxe6+ Kd8 47. Qg8+ Kc7 48. Qc4+ Kb6 49. Qc8 Rc7 50. Qd8 Qe3 51. Qb8+ Kc6 52. h4 h6 53. Qf8 Kb7 54. Qg8 Re7 55. Qd5+ Kb6 56. Qd6+ Kb7 57. a4 bxa3 58. Qxa3 Qe5 59. b4 axb4 60. Qxb4+ Kc7 61. e4 Kc8 62. Ra2 1-0

[Event "Novi Sad-B"]
[Site "Novi Sad"]
[Date "1992.??.??"]
[Round "8"]
[White "Radonjanin, Vlastimir"]
[Black "Zahariev, Zahari"]
[Result "1-0"]
[WhiteElo "2345"]
[BlackElo "2365"]
[PlyCount "99"]
[EventDate "1992.??.??"]
[EventType "tourn"]
[EventRounds "11"]
[EventCountry "YUG"]
[EventCategory "4"]
[SourceTitle "EXT 2002"]
[Source "ChessBase"]
[SourceDate "2001.11.25"]
[SourceVersion "1"]
[SourceVersionDate "2001.11.25"]
[SourceQuality "1"]

1. Nf3 d6 2. d4 Bg4 3. g3 Bxf3 4. exf3 d5 5. Bg2 e6 6. 0-0 c6 7. f4 Ne7 8. Nd2 g6 9. Re1 Bg7 10. Nf1 0-0 11. g4 Nd7 12. Ng3 Re8 13. h4 Nf8 14. h5 f5 15. g5 Nc8 16. Bf3 Nd6 17. Kg2 Qc7 18. c3 Rad8 19. Rh1 Ne4 20. Rh3 c5 21. Be3 Nxg5 22. fxg5 f4 23. hxg6 hxg6 24. Bc1 fxg3 25. Rxg3 cxd4 26. cxd4 Rc8 27. Be3 Qb6 28. b3 Re7 29. Be2 Rec7 30. Rg4 Qb4 31. Bd3 Qe7 32. Qb1 Qe8 33. a4 Rc3 34. Bd2 R3c7 35. Ra2 a6 36. Be3 Rc6 37. Re2 R8c7 38. Bd2 Rc8 39. Re1 Qf7 40. Bb4 Re8 41. Re3 e5 42. dxe5 Rxe5 43. Rf3 Qe6 44. Rfg3 Nd7 45. a5 Bh8 46. Qh1 Bg7 47. Qh4 Re4 48. Bxe4 dxe4 49. Rf4 e3 50. Rh3 1-0

[Event "Pula tt2"]
[Site "Pula"]
[Date "1990.??.??"]
[Round "5"]
[White "Filipovic, Branko"]
[Black "Radonjanin, Vlastimir"]
[Result "1-0"]
[WhiteElo "2445"]
[BlackElo "2345"]
[PlyCount "81"]
[EventDate "1990.??.??"]
[EventType "team"]
[EventRounds "11"]
[EventCountry "YUG"]
[SourceTitle "EXT 2000"]
[Source "ChessBase"]
[SourceDate "1999.11.16"]
[SourceVersion "1"]
[SourceVersionDate "1999.11.16"]
[SourceQuality "1"]

1. e4 e6 2. d4 d5 3. Nd2 Nf6 4. e5 Nfd7 5. Bd3 c5 6. c3 Nc6 7. Ne2 cxd4 8. cxd4 Qb6 9. 0-0 Nxd4 10. Nxd4 Qxd4 11. Nf3 Qb6 12. Qa4 Qb4 13. Qc2 h6 14. Bd2 Qb6 15. Qa4 Qxb2 16. a3 Qb6 17. Ba5 Qc5 18. Rfc1 Qe7 19. Rc7 f5 20. exf6 Qxf6 21. Rac1 Bc5 22. R1xc5 0-0 23. Rxd7 Bxd7 24. Qxd7 b6 25. Bc3 Rad8 26. Bxf6 Rxd7 27. Rc6 Rxf6 28. Rc8+ Rf8 29. Bh7+ Kxh7 30. Rxf8 d4 31. Kf1 Rd5 32. Rf7 d3 33. Ke1 Ra5 34. Kd2 Rxa3 35. Ne5 a5 36. Nxd3 b5 37. Rb7 b4 38. h4 h5 39. Rb5 b3 40. Kc3 Ra4 41. g3 1-0